<?xml version="1.0" encoding="UTF-8"?>
<record
    xmlns:xsi="http://www.w3.org/2001/XMLSchema-instance"
    xsi:schemaLocation="http://www.loc.gov/MARC21/slim http://www.loc.gov/standards/marcxml/schema/MARC21slim.xsd"
    xmlns="http://www.loc.gov/MARC21/slim">

  <leader>00819nab a2200217 i 4500</leader>
  <controlfield tag="005">20260121101640.0</controlfield>
  <controlfield tag="008">260103d        ua qr|j| |||| 00| 0 ara d</controlfield>
  <datafield tag="040" ind1=" " ind2=" ">
    <subfield code="a">EG-GICUC</subfield>
    <subfield code="c">EG-GICUC</subfield>
    <subfield code="d">EG-GICUC</subfield>
    <subfield code="e">rda</subfield>
  </datafield>
  <datafield tag="082" ind1="0" ind2="4">
    <subfield code="a">343.1</subfield>
    <subfield code="2">21</subfield>
  </datafield>
  <datafield tag="245" ind1="0" ind2="2">
    <subfield code="a">&#x627;&#x644;&#x62D;&#x645;&#x627;&#x64A;&#x629; &#x627;&#x644;&#x62C;&#x646;&#x627;&#x626;&#x64A;&#x629; &#x644;&#x62D;&#x642; &#x627;&#x644;&#x627;&#x646;&#x633;&#x627;&#x646; &#x641;&#x64A; &#x635;&#x648;&#x631;&#x62A;&#x647; /</subfield>
    <subfield code="c">&#x625;&#x639;&#x62F;&#x627;&#x62F;: &#x62F;. &#x647;&#x634;&#x627;&#x645; &#x645;&#x62D;&#x645;&#x62F; &#x641;&#x631;&#x64A;&#x62F; &#x631;&#x633;&#x62A;&#x645;.</subfield>
  </datafield>
  <datafield tag="264" ind1="0" ind2="1">
    <subfield code="a">&#x623;&#x633;&#x64A;&#x648;&#x637; :</subfield>
    <subfield code="b">&#x643;&#x644;&#x64A;&#x629; &#x627;&#x644;&#x62D;&#x642;&#x648;&#x642;-&#x62C;&#x627;&#x645;&#x639;&#x629; &#x623;&#x633;&#x64A;&#x648;&#x637;&#x60C;</subfield>
    <subfield code="c">1986 -</subfield>
  </datafield>
  <datafield tag="300" ind1=" " ind2=" ">
    <subfield code="a">5-158 &#x635;&#x641;&#x62D;&#x629;&#x61B;</subfield>
    <subfield code="c">26 &#x633;&#x645;.</subfield>
  </datafield>
  <datafield tag="336" ind1=" " ind2=" ">
    <subfield code="2">rda content</subfield>
    <subfield code="a">Text</subfield>
  </datafield>
  <datafield tag="337" ind1=" " ind2=" ">
    <subfield code="2">rda media</subfield>
    <subfield code="a">unmediated</subfield>
  </datafield>
  <datafield tag="338" ind1=" " ind2=" ">
    <subfield code="2">rda carrier</subfield>
    <subfield code="a">volume</subfield>
  </datafield>
  <datafield tag="362" ind1="0" ind2=" ">
    <subfield code="a">.</subfield>
  </datafield>
  <datafield tag="773" ind1=" " ind2=" ">
    <subfield code="t">&#x645;&#x62C;&#x644;&#x629; &#x627;&#x644;&#x62F;&#x631;&#x627;&#x633;&#x627;&#x62A; &#x627;&#x644;&#x642;&#x627;&#x646;&#x648;&#x646;&#x64A;&#x629;.</subfield>
    <subfield code="g">&#x627;&#x644;&#x639;&#x62F;&#x62F; &#x627;&#x644;&#x62B;&#x627;&#x645;&#x646;.</subfield>
    <subfield code="w">54151</subfield>
  </datafield>
  <datafield tag="856" ind1=" " ind2=" ">
    <subfield code="u">https://fll.law.cu.edu.eg/fulltext/cr/S00-090471.pdf</subfield>
  </datafield>
  <datafield tag="905" ind1=" " ind2=" ">
    <subfield code="a">9</subfield>
  </datafield>
  <datafield tag="942" ind1=" " ind2=" ">
    <subfield code="2">ddc</subfield>
    <subfield code="c">ARTC</subfield>
    <subfield code="n">0</subfield>
  </datafield>
  <datafield tag="999" ind1=" " ind2=" ">
    <subfield code="c">54152</subfield>
    <subfield code="d">54152</subfield>
  </datafield>
</record>
